Jason Momoa Movies - Statistics

General Stats
  • This quiz has been taken 16 times
    6 since last reset
  • The average score is 8 of 27
Answer Stats
Hint Answer % Correct
2017 Justice League
100%
2021 Zack Snyder's Justice League
100%
2018 Aquaman
80%
2023 Aquaman and the Lost Kingdom
80%
2023 Fast X
80%
2011 Conan the Barbarian
60%
2012 Bullet to the Head
40%
2021 Dune
40%
TBD Minecraft
40%
2022 Slumberland
40%
2016 Batman V. Superman: Dawn of Justice
20%
2018 Braven
20%
TBD Cliffhanger
20%
2014 Road to Paloma
20%
2016 Sugar Mountain
20%
2021 Sweet Girl
20%
2003 Tempted
20%
2016 The Bad Batch
20%
2019 The Lego Movie 2: The Second Part
20%
2003 Baywatch: Hawaiian Wedding
0%
2014 Debug
0%
TBD Frosty the Snowman
0%
2004 Johnson Family Vacation
0%
2017 Once Upon a Time in Venice
0%
2007 Pipeline
0%
TBD The Last Manhunt
0%
2014 Wolves
0%
No matching quizzes found
Score Distribution
Percent of People with Each Score
Percentile by Number Answered
Your Score History
You have not taken this quiz since the last reset